00918nam a2200229 a 450000100100000000500170001000800410002702000150006804000250008310000440010824500330015226000570018530000280024249000650027049000350033550000730037083000720044383000420051504900090055795201050056699900170067100003408220200930070746.0110914s2006 ag 000 0 spa d a9505564848 aDO-SdBNPbspacBNPHU1 aPuiggrós, Rodolfo,d1906-1980.93170213aLa democracia fraudulenta /. aBuenos Aires, Argentina :bEditorial Galerna,c2006. a271 p. :bil. ;c23 cm.1 aHistoria crítica de los partidos políticos Argentinosv41 aBiblioteca popularaDocumentos aIncluye referencias bibliográficas y notas al pie de las páginas 0aHistoria crítica de los partidos políticos Argentinosv4959410 0aBiblioteca popularpDocumentos959411 aBNPD 001050718MOaGRbGRcCTd2011-09-23iLF1l0o p34082-10r2020-06-25w2020-06-25y1ZNo se presta c33573d33573